[Event "2nd Silman TNM: 2000+"]
[Site "San Francisco"]
[Date "2025.05.27"]
[Round "4.3"]
[White "Coyne, Theodore James"]
[Black "Seshadri, Sudarshan"]
[Result "1-0"]
[WhiteElo "2263"]
[BlackElo "2022"]
[PlyCount "73"]
[GameId "2182568207412539"]
[EventDate "2025.??.??"]

{[%evp 15,73,37,34,38,68,80,133,114,170,168,168,173,202,144,162,164,172,161,186,191,406,400,426,429,456,458,581,562,570,556,599,542,545,541,558,539,538,530,565,568,658,660,640,597,600,606,597,600,625,598,630,625,626,621,606,598,908,907,848,822]} 1. c4 {[%emt 0:00:02]} c5 {[%emt 0:00:22]} 2. g3 {[%emt 0:00:09]} Nc6 {[%emt 0:00:25]} 3. Bg2 {[%emt 0:00:05]} g6 {[%emt 0:00:44]} 4. Nc3 {[%emt 0:00:23]} Bg7 {[%emt 0:00:08]} 5. Nf3 {[%emt 0:00:11]} d6 {[%emt 0:05:28]} 6. O-O {[%emt 0:00:10]} e5 {[%emt 0:03:54]} 7. a3 {[%emt 0:04:38][%cal Ba2a3,Ba3b4,Bb4b5][%mdl 32]} Nge7 {[%emt 0:01:33]} 8. b4 {[%emt 0:00:56]} O-O {[%emt 0:05:25]} 9. Rb1 {[%emt 0:00:35] A37: Symmetrical English vs ...g6: 4 Bg2 Bg7 5 Nf3.} cxb4 {[%emt 0:06:47]} 10. axb4 {[%emt 0:00:17]} Be6 {[%emt 0:07:44]} (10... a6 $142) 11. d3 {[%emt 0:01:09] And now b5 would win. White is clearly better.} h6 {[%emt 0:07:34]} (11... a6 $16) 12. b5 $18 {[%emt 0:03:31]} Na5 {[%emt 0:02:40]} 13. Ba3 {[%emt 0:01:37]} f5 $146 {[%emt 0:00:52][%cal Oe5e4]} (13... b6 14. Bb4 f5 15. Nd2 Rc8 16. Qa4 e4 17. Qa3 Rf7 18. Rfc1 Bd4 19. Nd1 exd3 20. Qxd3 {1-0 (40) Claridge Hansen,W (2299)-Graham,D (2152) Bournemouth 2016}) 14. Ne1 {[%emt 0:07:51][%cal Bf3e1,Be1c2,Bc2b4,Bb4c6][%mdl 32]} Rb8 {[%emt 0:07:49]} 15. Nc2 {[%emt 0:01:31]} b6 {[%emt 0:10:35]} 16. Nb4 {[%emt 0:05:12]} e4 {[%emt 0:00:30]} 17. Ncd5 {[%emt 0:01:26]} Nxd5 $2 {[%emt 0:01:49]} (17... Rc8 18. Qa4 (18. dxe4 Nxc4 19. Qd3 Nxa3 $16) 18... Qd7) 18. cxd5 {[%emt 0:00:27]} Bd7 {[%emt 0:06:08]} 19. Nc6 {[%emt 0:13:16] White is clearly winning.} ({Not} 19. dxe4 Bxb5 20. Nc6 Nxc6 $18) (19. Na6 Rc8 $16) 19... Bxc6 {[%emt 0:02:22]} 20. dxc6 {[%emt 0:00:15]} d5 {[%emt 0:08:31]} 21. Bxf8 {[%emt 0:05:24]} Bxf8 {[%emt 0:00:33]} 22. dxe4 {[%emt 0:00:57]} fxe4 {[%emt 0:00:20] [#]} 23. c7 $1 {[%emt 0:00:15][%mdl 64] Deflection} Qxc7 {[%emt 0:00:11]} 24. Qxd5+ {[%emt 0:00:05]} Kh7 {[%emt 0:00:45]} 25. Rbc1 {[%emt 0:00:53]} Bc5 {[%emt 0:00:39]} 26. Qxe4 {[%emt 0:01:45]} Nb3 {[%emt 0:00:41]} 27. Rcd1 {[%emt 0:00:32]} Rd8 {[%emt 0:04:27]} 28. Rxd8 {[%emt 0:00:56]} Qxd8 {[%emt 0:00:04]} 29. Qd5 {[%emt 0:00:15]} Qxd5 {[%emt 0:00:24]} 30. Bxd5 {[%emt 0:00:08][%mdl 4096] Endgame KRB-KBN} Nd4 {[%emt 0:00:21]} 31. Bc4 {[%emt 0:00:07]} Nc2 {[%emt 0:01:11]} 32. Rd1 {[%emt 0:00:18]} Nd4 {[%emt 0:03:24]} 33. Kg2 {[%emt 0:00:15]} Kg7 {[%emt 0:00:26]} 34. g4 {[%emt 0:01:08]} Kf6 {[%emt 0:00:39]} 35. Rd2 {[%emt 0:00:20]} a6 {[%emt 0:02:06]} 36. bxa6 {[%emt 0:00:32][%cal Od2d4] Rxd4! would kill now.} b5 {[%emt 0:00:06] [#]} {Weighted Error Value: White=0.13 (very precise) /Black=0.39} 37. Bxb5 $1 {[%emt 0:02:16]} 1-0

[Event "2nd Silman TNM: 2000+"]
[Site "San Francisco"]
[Date "2025.05.27"]
[Round "4.4"]
[White "Bayaraa, Chinguun"]
[Black "Tsodikova, Natalya"]
[Result "1/2-1/2"]
[WhiteElo "2176"]
[BlackElo "2246"]
[PlyCount "60"]
[GameId "2182568207412540"]
[EventDate "2025.??.??"]

{[%evp 15,60,4,0,3,13,-12,7,0,34,39,39,40,50,42,93,94,130,136,137,123,132,115,146,122,123,105,107,68,67,66,90,36,46,29,28,32,19,4,17,17,20,22,24,25,26,0,33]} 1. d4 {[%emt 0:00:09]} Nf6 {[%emt 0:00:12]} 2. Nf3 {[%emt 0:01:04]} g6 {[%emt 0:00:12]} 3. g3 {[%emt 0:01:04]} Bg7 {[%emt 0:00:10]} 4. Bg2 {[%emt 0:00:06]} O-O {[%emt 0:00:11]} 5. O-O {[%emt 0:00:05]} d6 {[%emt 0:00:07]} 6. Re1 {[%emt 0:00:06]} Nbd7 {[%emt 0:08:40][%cal Bb8d7,Bd7f8,Bf8e6][%mdl 32]} 7. e4 {[%emt 0:00:09]} e5 {[%emt 0:00:57]} 8. c3 {[%emt 0:02:11]} Re8 {[%emt 0:02:47]} 9. Qc2 {[%emt 0:00:27] A49: 1 d4 Nf6 2 Nf3 g6 3 g3: Anti-King's Indian systems.} c6 {[%emt 0:03:08]} 10. dxe5 {[%emt 0:00:32]} dxe5 {[%emt 0:00:33]} 11. a4 $146 {[%emt 0:02:57]} (11. Nbd2 Nc5 12. Rd1 Qd3 13. Qxd3 Nxd3 14. Nc4 Nxc1 15. Raxc1 Nxe4 16. Nfxe5 Bf5 17. f4 {0-1 (33) Hofstadler,M (1903)-Kahn,E (2179) Budapest 2020}) 11... Nf8 {[%emt 0:09:49]} 12. a5 {[%emt 0:01:40]} Qc7 {[%emt 0:01:07]} 13. Nbd2 {[%emt 0:01:10]} Bg4 {[%emt 0:01:51]} 14. h3 {[%emt 0:00:16]} Bxf3 {[%emt 0:00:42]} (14... Be6 $14) 15. Nxf3 $16 {[%emt 0:00:07]} c5 {[%emt 0:04:16]} (15... b5 $142) 16. Bf1 {[%emt 0:01:15]} Ne6 {[%emt 0:07:05]} 17. Bc4 {[%emt 0:01:12]} h6 {[%emt 0:04:29]} 18. Kg2 {[%emt 0:00:27] White is more active.} b6 {[%emt 0:04:34]} 19. axb6 {[%emt 0:00:20]} axb6 {[%emt 0:00:29]} 20. Rxa8 {[%emt 0:00:40]} Rxa8 {[%emt 0:00:02]} 21. Bxe6 {[%emt 0:03:17]} (21. Be3 $16) 21... fxe6 $14 {[%emt 0:00:02]} 22. c4 {[%emt 0:04:33]} Rd8 {[%emt 0:02:58]} 23. b3 {[%emt 0:01:26]} (23. Qe2 $16) 23... Nd7 $1 {[%emt 0:00:57]} 24. Rd1 {[%emt 0:10:08]} Nb8 $1 {[%emt 0:00:34]} 25. Rxd8+ Qxd8 {[%emt 0:00:46]} 26. Qd2 {[%emt 0:00:11]} Qe7 {[%emt 0:02:57]} 27. Qa2 {[%emt 0:01:47]} Qb7 $1 {[%emt 0:04:01]} 28. Qd2 {[%emt 0:00:08]} Qe7 {[%emt 0:04:11]} 29. Qa2 {[%emt 0:00:07]} Qb7 $1 {[%emt 0:01:11] Prevents Qa8} 30. Qd2 {[%emt 0:00:10]} {Weighted Error Value: White=0.13 (very precise) /Black=0.11 (very precise)} Qe7 {[%emt 0:00:21] Prevents Qd6.} 1/2-1/2

[Event "2nd Silman TNM: 2000+"]
[Site "San Francisco"]
[Date "2025.05.27"]
[Round "4.5"]
[White "Sawhney, Yuvraj Singh"]
[Black "Rajaram, Raghu"]
[Result "0-1"]
[WhiteElo "2052"]
[BlackElo "1848"]
[PlyCount "102"]
[GameId "2182568207412541"]
[EventDate "2025.??.??"]

{[%evp 14,101,29,32,33,34,48,47,47,47,53,25,95,103,127,114,143,120,123,127,117,118,120,51,38,0,0,8,177,172,301,201,201,215,185,65,193,8,517,412,506,0,0,0,0,-22,-29,-27,-37,-36,-9,-7,-4,-11,-16,-21,-20,-249,-247,-327,-309,-617,-601,-833,-817,-1199,-1600,-1301,-1125,-8308,-29978,-29985,-29986,-29986,-29987,-29987,-29988,-29988,-29989,-29989,-29990,-29990,-29991,-29993,-29994,-29994,-29995,-29996,-29997,-29999]} 1. e4 {[%emt 0:00:01]} c5 {[%emt 0:00:09]} 2. Nf3 {[%emt 0:00:03]} e6 {[%emt 0:00:06]} 3. d4 {[%emt 0:00:04]} cxd4 {[%emt 0:00:05]} 4. Nxd4 {[%emt 0:00:04]} a6 {[%emt 0:00:18]} 5. Bd3 {[%emt 0:00:03]} Nf6 {[%emt 0:00:27]} 6. O-O {[%emt 0:00:23]} Qc7 {[%emt 0:01:42]} 7. c4 {[%emt 0:01:27]} Nc6 $1 {[%emt 0:03:22] The main line 7...Nc6 scores better than 7...d6.} 8. Be3 {[%emt 0:00:15]} Ne5 {[%emt 0:05:21] B42: Sicilian: Kan Variation: 5 Bd3.} 9. h3 {[%emt 0:10:10] Inhibits Neg4.} Nxd3 {[%emt 0:13:24]} 10. Qxd3 {[%emt 0:00:04][%cal Oc4c5]} b6 {[%emt 0:01:40] White is slightly better.} 11. Nc3 {[%emt 0:01:50]} Bb7 {[%emt 0:02:59]} 12. f4 {[%emt 0:02:05]} Rc8 $146 {[%emt 0:04:48]} (12... Bb4 $11) (12... d6 13. Rac1 Be7 14. f5 Qd7 15. a4 O-O 16. b3 Rfe8 17. Nde2 Qc6 18. Nd4 Qc8 {½-½ (33) Khizanashvili,V-Quparadze,G (2111) Tbilisi 2001}) 13. e5 $16 {[%emt 0:01:07]} Ng8 {[%emt 0:02:01]} 14. Rac1 {[%emt 0:16:37]} Qxc4 {[%emt 0:05:02]} 15. Qd2 {[%emt 0:09:26][%cal Oc3b5]} Bb4 {[%emt 0:09:24]} 16. a3 {[%emt 0:01:35]} Bxc3 {[%emt 0:00:57]} 17. Rxc3 {[%emt 0:00:10]} Qd5 {[%emt 0:00:12] Black is weak on the dark squares} 18. Rxc8+ {[%emt 0:02:48]} (18. Rd3 $1 $16 {[%cal Od4f5] Threatens to win with Nf5!.} Qa5 19. Qe2) 18... Bxc8 $14 {[%emt 0:00:13]} 19. Rc1 {[%emt 0:01:56]} Ne7 {[%emt 0:00:40]} 20. Nf3 $36 {[%emt 0:05:30][%mdl 2048] Black is under pressure.} Qb7 {[%emt 0:13:03]} (20... Bb7 $11) 21. Qd6 $18 {[%emt 0:09:34][%csl Od6][%mdl 1024] White has strong compensation. Strong Square White (d6)} Nd5 {[%emt 0:16:23] Against Rc7} (21... f6 $142) 22. Bd2 {[%emt 0:02:32][%cal Of4f5]} f6 {[%emt 0:03:56] [#]} 23. f5 $1 {[%emt 0:06:07][%mdl 512]} Kf7 {[%emt 0:05:24]} 24. g4 {[%emt 0:11:42]} (24. exf6 $18 gxf6 25. Kh2) 24... b5 {[%emt 0:02:26] [#] White has space advantage and is better} (24... Re8 $14) 25. g5 $2 {[%emt 0:04:03]} (25. exf6 $1 $18 {fxe6+ would kill now.} gxf6 26. Rc5) 25... exf5 {[%emt 0:01:13][%mdl 8192]} (25... Qb6+ $1 $11 {and Black is okay.} 26. Qxb6 Nxb6) 26. exf6 {[%emt 0:00:40]} gxf6 {[%emt 0:00:33]} 27. gxf6 $2 {[%emt 0:00:20]} ({Better is} 27. Rc5 $18) 27... Qb6+ $11 {[%emt 0:01:47]} 28. Qxb6 {[%emt 0:00:02]} Nxb6 {[%emt 0:00:10]} 29. Ne5+ {[%emt 0:00:16]} Kxf6 {[%emt 0:00:30]} 30. Bc3 $1 {[%emt 0:00:52]} Rg8+ {[%emt 0:00:58]} 31. Kf2 $1 {[%emt 0:00:06]} Ke6 {[%emt 0:00:47]} 32. Re1 Kd5 {[%emt 0:00:45] Inhibits Nc4.} 33. Rd1+ {[%emt 0:00:26]} Ke6 {[%emt 0:00:27] and ...Nd5 would now be decisive} 34. Re1 $1 {[%emt 0:00:05]} Kd6 {[%emt 0:00:39]} 35. Rd1+ $2 {[%emt 0:01:54] [#]} (35. Nf7+ $11 {and White stays safe.} Kc6 36. Nh6) 35... Nd5 $1 $19 {[%emt 0:02:01]} 36. Nf7+ {[%emt 0:00:06]} Ke6 {[%emt 0:00:18]} 37. Nh6 $2 {[%emt 0:00:36]} (37. Ba5 Kxf7 38. Rxd5) 37... Nxc3 {[%emt 0:00:37]} 38. Re1+ {[%emt 0:02:48]} Ne4+ {[%emt 0:00:11]} 39. Rxe4+ fxe4 {[%emt 0:00:16]} 40. Nxg8 {[%emt 0:00:01][%mdl 4096] Endgame KB-KN. Black is two pawns up.} d5 {[%emt 0:00:21] ( -> ...Ke5)} 41. Ke3 {[%emt 0:00:23]} Ke5 {[%emt 0:00:19]} 42. h4 {[%emt 0:00:16] Black mates.} d4+ {[%emt 0:00:06]} 43. Ke2 {[%emt 0:00:05]} Bg4+ {[%emt 0:00:12]} 44. Kd2 {[%emt 0:00:12]} e3+ {[%emt 0:00:24]} 45. Kd3 {[%emt 0:00:10]} Bf5+ {[%emt 0:00:33]} 46. Ke2 {[%emt 0:00:06]} Kf4 {[%emt 0:00:14]} 47. Nf6 {[%emt 0:00:17]} d3+ {[%emt 0:00:11]} 48. Kf1 {[%emt 0:00:23]} Kf3 {[%emt 0:00:20]} 49. Nd5 {[%emt 0:00:54]} d2 {[%emt 0:00:20][%cal Rd2d1]} 50. Nc3 {[%emt 0:00:04] [#]} e2+ $1 {[%emt 0:00:12][%mdl 64] Deflection, Promotion} 51. Nxe2 {[%emt 0:00:05]} (51. Kg1 e1=Q+) {Black used his chance.   Weighted Error Value: White=0.87/Black=0.49} 51... d1=Q# {[%emt 0:00:08]} 0-1

[Event "2nd Silman TNM: 2000+"]
[Site "San Francisco"]
[Date "2025.05.27"]
[Round "4.6"]
[White "Parsons, Stephen"]
[Black "Liou, Arthur"]
[Result "1-0"]
[WhiteElo "1840"]
[BlackElo "2030"]
[PlyCount "99"]
[GameId "2182568207416638"]
[EventDate "2025.??.??"]

{[%evp 19,99,-4,0,-16,-19,-39,-39,-38,-41,-81,-76,-84,-88,-89,-87,-104,-36,-88,40,-6,45,-19,-20,-56,-27,-33,0,-31,-35,-42,-17,-211,-158,-133,-117,-113,-78,-147,-150,-243,-241,-249,-249,-244,-225,-206,-49,-297,-58,-57,-62,-61,147,151,140,146,144,115,283,2,4,0,0,-51,-4,-21,0,0,0,0,0,0,0,0,0,0,28,41,214,202,620,584]} 1. e4 {[%emt 0:00:02]} c5 {[%emt 0:00:06]} 2. Nf3 {[%emt 0:00:06]} d6 {[%emt 0:00:07]} 3. d4 {[%emt 0:00:08]} cxd4 {[%emt 0:00:08]} 4. Nxd4 {[%emt 0:00:07]} Nf6 {[%emt 0:00:08]} 5. Nc3 {[%emt 0:00:11]} a6 {[%emt 0:00:06]} 6. Be2 {[%emt 0:01:44]} e5 {[%emt 0:00:22]} 7. Nb3 {[%emt 0:00:47]} Be6 {[%emt 0:00:15]} 8. Bg5 {[%emt 0:01:45]} Be7 {[%emt 0:00:31]} 9. Bxf6 {[%emt 0:00:26]} Bxf6 {[%emt 0:00:16]} 10. O-O {[%emt 0:00:22]} O-O {[%emt 0:01:02]} 11. Nd5 {[%emt 0:00:24] B92: Sicilian Najdorf: 6 Be2.} Bg5 {[%emt 0:00:41]} 12. Qd3 {[%emt 0:05:29]} Nd7 {[%emt 0:01:45]} 13. Rad1 {[%emt 0:05:15] Black is slightly better.} Rc8 {[%emt 0:02:51]} 14. Nc3 $146 {[%emt 0:06:13]} (14. c4 $15) (14. c3 Kh8 15. Bf3 g6 16. Rfe1 b5 17. Ne3 Bxe3 18. Qxe3 Nb6 19. Na5 {1-0 (32) Kovalev,V (2446)-Zhigalko,S (2651) Warsaw 2011}) 14... Rc6 {[%emt 0:01:16]} 15. g3 {[%emt 0:06:51]} Bc4 {[%emt 0:07:11]} 16. Qf3 {[%emt 0:04:39]} Be6 {[%emt 0:02:50]} 17. Bd3 {[%emt 0:07:00]} b5 {[%emt 0:08:03]} (17... Nf6 $17 18. Nd5 Qd7 19. Nxf6+ Bxf6) 18. Qe2 {[%emt 0:06:19]} (18. a4 $15) 18... Qf6 {[%emt 0:12:12]} ({Better is} 18... Nb6 $17 19. Nd5 Bxd5 20. exd5 Rc7) 19. Nd5 {[%emt 0:06:17]} (19. a4 $14) 19... Qh6 {[%emt 0:06:04]} (19... Bxd5 $11 20. exd5 Rcc8) 20. f4 {[%emt 0:01:40]} (20. c4 $1 $14) 20... exf4 $11 {[%emt 0:00:35]} 21. gxf4 {[%emt 0:01:16]} (21. Nxf4 $11 Bxf4 22. Rxf4) 21... Bd8 {[%emt 0:01:28]} 22. Nd4 {[%emt 0:02:19]} Rc8 {[%emt 0:00:25]} (22... Bxd5 {simplifies} 23. exd5 Rc5 24. Kh1 g6) 23. Ne3 {[%emt 0:06:09]} Bb6 {[%emt 0:01:49]} (23... Bxa2 $6 24. b3 $16) 24. c3 {[%emt 0:02:26]} Nf6 {[%emt 0:01:39]} (24... Bxa2 25. Kh1 $11) 25. f5 $2 {[%emt 0:01:29]} (25. Kh1 $11 Bxd4 26. cxd4) 25... Bd7 {[%emt 0:00:47]} 26. Kh1 {[%emt 0:01:15]} Rce8 {[%emt 0:05:29][%cal Ob6d4,Bc8e8,Be8e7,Be7d7][%mdl 32]} 27. Ng4 {[%emt 0:02:19]} Qh4 {[%emt 0:02:18]} 28. Nxf6+ {[%emt 0:05:33]} (28. Rf4 $142 Nd5 29. Qf2 Qxf2 30. Rxf2) 28... Qxf6 $17 {[%emt 0:00:08]} 29. Bc2 {[%emt 0:01:00]} (29. Qg4 $17) 29... d5 $1 $19 {[%emt 0:00:51]} 30. Qg4 {[%emt 0:02:08]} dxe4 {[%emt 0:00:40]} 31. Bxe4 {[%emt 0:00:31]} Re7 {[%emt 0:02:01]} 32. Qg2 {[%emt 0:04:41]} Rfe8 $2 {[%emt 0:01:42]} (32... Re5 $19 {aiming for ...Kh8.} 33. a3 Kh8) 33. Bf3 $2 {[%emt 0:00:19]} (33. Ne6 $1 $15 Bxe6 (33... fxe6 34. fxe6 $16) 34. fxe6 Qxe6 35. Bd5) 33... Bc8 $2 {[%emt 0:10:17]} (33... Bxf5 34. Nxf5 (34. Bc6 Bxd4 35. Bxe8 Be4 $17 {[%mdl 64] Pin}) 34... Qxf5 35. Bc6 $16) (33... Bxd4 $19 34. cxd4 Bxf5 (34... Qxf5 35. d5 $17)) 34. Nc6 $15 {[%emt 0:01:27]} Rd7 {[%emt 0:02:44]} 35. Rde1 {[%emt 0:01:55][%cal Re1e8]} Be3 $2 {[%emt 0:02:50] [#]} (35... Rf8 $1 $15 {stays ahead.}) 36. Nb4 $1 $16 {[%emt 0:00:56]} Re5 {[%emt 0:02:59]} (36... Qxf5 $2 37. Nd5 $18) (36... Rd2 $2 37. Qxd2 Qe7 38. Qd3 $18 (38. Nd5 Bxd2 39. Rxe7 Kf8 $18)) 37. Nd5 {[%emt 0:02:54]} Rdxd5 {[%emt 0:01:49]} 38. Bxd5 {[%emt 0:00:28][%cal Og2g3] Threatens to win with Qg3!.} Bd7 $2 {[%emt 0:01:05]} (38... Bxf5 $2 39. Qf3 Bg6 40. Qxf6 (40. Rxe3 Rxe3 {[%mdl 64] Pin} 41. Qxf6 gxf6 $11) 40... gxf6 41. Rxf6 Rxd5 42. Rxe3 $16) (38... h6 $16 {might work better.}) 39. Rd1 $2 {[%emt 0:02:10]} (39. Be6 $18 {Threatening mate with Qa8+.} Be8 40. Qa8) 39... Bxf5 $11 {[%emt 0:02:10]} 40. Bf3 {[%emt 0:02:07]} g6 {[%emt 0:04:35]} 41. Qg3 {[%emt 0:00:30]} (41. Bg4 $11) 41... Qe6 {[%emt 0:00:46][%csl Oe3] Strong Square Black (e3)} (41... h5 $15 {should be considered.}) 42. Rfe1 {[%emt 0:02:34]} Bc2 {[%emt 0:01:51]} 43. Rd2 {[%emt 0:01:54]} Bf4 {[%emt 0:00:56][%csl Oe1][%mdl 64] Discovered Attack} 44. Rxe5 {[%emt 0:00:48]} Qxe5 {[%emt 0:00:10]} 45. Rd8+ {[%emt 0:01:14]} Kg7 {[%emt 0:00:06]} 46. Qf2 {[%emt 0:00:42]} Be4 {[%emt 0:01:18]} 47. Rd4 {[%emt 0:02:45][%cal Bd8d4,Bd4d5,Bd5f5][%mdl 32]} Bf5 {[%emt 0:00:36] This pair of bishops is nice.} 48. Rd5 {[%emt 0:00:42]} Qc7 {[%emt 0:00:20]} (48... Qf6 $14) 49. Qd4+ $18 {[%emt 0:00:15]} Kh6 $2 {[%emt 0:00:11] [#]} (49... f6) {White used his chance. An entertaining game by Parsons.   Weighted Error Value: White=0.35/Black=0.59} 50. Rxf5 $1 {[%emt 0:00:54][%mdl 512]} 1-0

[Event "2nd Silman TNM: 2000+"]
[Site "San Francisco"]
[Date "2025.05.27"]
[Round "4.7"]
[White "Viadiu-Ilarraza, Hector"]
[Black "Cremisi, Daniel"]
[Result "0-1"]
[Annotator "Winslow,Elliott"]
[WhiteElo "1937"]
[BlackElo "2380"]
[PlyCount "64"]
[GameId "2182650047170508"]
[EventDate "2025.??.??"]

{[%evp 13,63,-6,30,32,41,40,49,22,33,19,17,22,33,-21,19,21,55,14,35,-3,0,-10,-10,-17,-4,-8,-3,-4,0,-26,-10,-33,-44,-38,-25,-26,-25,-122,-125,-128,-120,-217,-206,-461,-425,-634,-649,-645,-631,-614,-624,-29998]} 1. e4 e6 2. d4 d5 3. Nc3 Bb4 4. exd5 exd5 5. Bd3 Nf6 6. Nge2 O-O 7. O-O Bg4 (7... Re8 $142) 8. f3 $11 {C01: French: Exchange Variation.} Be6 9. a3 Be7 {[#]} 10. Nf4 $146 {White is slightly better.} (10. Be3 Re8 11. Qd2 c6 12. Nf4 Bc8 13. Qf2 Nbd7 14. Rae1 Nf8 15. Re2 Qc7 16. Rfe1 {½-½ (46) Lacrosse,M (2218)-Guzman,C (2355) FICGS email 2006}) 10... c5 $1 11. dxc5 Bxc5+ 12. Kh1 Nc6 13. Nce2 (13. Nxe6 $14 fxe6 14. Bg5) 13... Qb6 (13... Bd7 $142) 14. b4 (14. Nxe6 fxe6 15. b4 Be3 16. c4) 14... Bd6 15. Bb2 (15. Nxe6 $1 $14 fxe6 16. Bb2) 15... Be5 (15... Ne5 {simplifies} 16. Bd4 Qc7 17. Rc1 a5) 16. Bxe5 {A sharp opening} (16. Nxe6 $14 {should be considered.} fxe6 17. c3) 16... Nxe5 17. Nxe6 fxe6 18. Nc1 a5 19. Re1 Nfd7 20. bxa5 Rxa5 21. Nb3 Ra4 (21... Nxd3 $5 22. Qxd3 Ra4 $14) 22. Qe2 Nxd3 23. Qxd3 Qd6 24. Nd4 Rf6 25. f4 Nc5 $1 $17 (25... Rxf4 $6 26. Nxe6 Rfe4 27. Ng5 Rxe1+ 28. Rxe1 $11) 26. Qe3 {[%cal Of4f5]} Ne4 (26... Rxf4 27. Nxe6 Nxe6 28. Qxe6+ Qxe6 29. Rxe6 $19) 27. g3 {[#]} (27. Ne2 $17) 27... e5 $1 $19 28. Nb5 (28. Ne2 {might work better.}) 28... Qc6 {Black is clearly winning.} (28... exf4 29. Qxe4 dxe4 (29... Rxe4 30. Nxd6 Rxd6 31. Rxe4 $15 {[%mdl 64] Remove Defender}) 30. Nxd6 Rxd6 31. gxf4 $11) 29. fxe5 (29. Na7 $142 Qd7 (29... Qxc2 $2 30. Rec1 $19) (29... exf4 30. Nxc6 fxe3 31. Ne7+ Kf8 32. Nxd5 $11) 30. fxe5) 29... Nf2+ 30. Kg1 Nh3+ (30... Re4 $2 31. Qb3 Qc5 (31... Nh3+ 32. Kh1 $14) 32. Kg2 $19 (32. exf6 $2 Nd1+ $19)) 31. Kg2 Rf2+ (31... Qxc2+ $2 32. Re2 (32. Kxh3 $2 {is the wrong capture.} Rf2 $19) 32... Qg6 33. exf6 $18 (33. Kxh3 $2 Re4 $19 {[%mdl 64] Skewer})) 32. Kxh3 Qe6+ {Weighted Error Value: White=0.49/Black=0.09} 0-1

[Event "2nd Silman TNM: 2000+"]
[Site "San Francisco"]
[Date "2025.05.27"]
[Round "4.8"]
[White "Bambou, Christophe"]
[Black "Gaffagan, Steven"]
[Result "1-0"]
[WhiteElo "2119"]
[BlackElo "1956"]
[PlyCount "91"]
[GameId "2182650047174605"]
[EventDate "2025.??.??"]

1. d4 Nf6 2. Nf3 c5 3. e3 e6 4. Bd3 b6 5. O-O Bb7 6. Nbd2 Be7 7. e4 c4 8. Bxc4 Nxe4 9. Nxe4 Bxe4 10. d5 exd5 11. Bxd5 Bxd5 12. Qxd5 Nc6 13. Re1 O-O 14. c3 Bf6 15. Bf4 Ne7 16. Qd6 Ng6 17. Bg3 h5 18. h3 h4 19. Bh2 Re8 20. Rad1 Rxe1+ 21. Rxe1 Qc8 22. Nd4 Bxd4 23. Qxd4 Qc6 24. Bd6 Rc8 25. Re4 b5 26. Bb4 d5 27. Re3 a6 28. b3 Re8 29. Bc5 Rxe3 30. Qxe3 Kh7 31. Bd4 Kg8 32. Qg5 Qe6 33. f4 f5 34. Kf2 Kf7 35. Qd8 Qe4 36. Qd7+ Ne7 37. Be5 Qc2+ 38. Kg1 Qc1+ 39. Kh2 Qe1 40. Qa7 Qg3+ 41. Kh1 Qe1+ 42. Qg1 Qg3 43. Qd1 g6 44. Qd2 Ke8 45. Bd4 Kf7 46. Bf2 1-0